| 000 | 00458cam a22001337a 4500 | ||
|---|---|---|---|
| 008 | 180718b1959 xxu||||| |||| 00| 0 eng d | ||
| 082 | _aQ43x54 In2/59-60 | ||
| 245 |
_aReport: April 1959 to March 1960 _cby Indian Council for Child Welfare, India |
||
| 260 |
_aNew Delhi _bIndian Council for Child Welfare _c1959 |
||
| 300 | _a41p. | ||
| 500 | _aBound with Q43x54 In2/57-61 | ||
| 650 | _aChild Welfare-India | ||
| 700 | _aIndia. Indian Council for Child Welfare | ||
| 999 |
_c500872 _d500872 |
||